| 000 | 01404cam a2200301 a 4500 | ||
|---|---|---|---|
| 001 | 1125323 | ||
| 005 | 20020828201513.0 | ||
| 008 | 940616s1995 enka b 001 0 eng | ||
| 010 | _a 94027665 | ||
| 020 | _a0521441536 | ||
| 040 |
_aDLC _cDLC _dDLC |
||
| 050 | 0 | 0 |
_aHN690.Z9 _bC6846 1995 |
| 082 | 0 | 0 |
_a338.954 _bVAR |
| 100 | 1 |
_aVarshney, Ashutosh, _d1957- _920101 |
|
| 245 | 1 | 0 |
_aDemocracy, development, and the countryside : _burban-rural struggles in India / _cAshutosh Varshney. |
| 260 |
_aCambridge [England] ; _aNew York, NY, USA : _bCambridge University Press, _c1998 |
||
| 300 |
_ax, 214 p. : _bill. ; _c24 cm. |
||
| 490 |
_914554 _aCambridge Studies in Comparative Politics |
||
| 504 | _aIncludes bibliographical references and index. | ||
| 650 | 0 |
_aRural development _zIndia. _920102 |
|
| 650 | 0 |
_aUrbanization _zIndia. _920103 |
|
| 651 | 0 |
_aIndia _xPolitics and government _y1947- _920104 |
|
| 856 | 4 | 2 |
_3Publisher description _uhttp://www.loc.gov/catdir/description/cam026/94027665.html |
| 856 | 4 | 1 |
_3Table of contents _uhttp://www.loc.gov/catdir/toc/cam026/94027665.html |
| 942 |
_2ddc _cBB |
||
| 999 |
_c14753 _d14753 |
||